[Event "EU-ch Cities&Town (Women) op"]
[Site "Tornelo INT"]
[Date "2023.01.29"]
[Round "?"]
[White "Kontogianni, Vasiliki"]
[Black "Krumina, Linda"]
[Result "1-0"]
[WhiteElo "1442"]
[BlackElo "2073"]
[PlyCount "139"]
[EventDate "2023.01.29"]
[EventType "team-swiss"]
[EventRounds "9"]
[EventCountry "NET"]
[SourceTitle "CBM 212 Extra"]
[Source "ChessBase"]
[SourceDate "2023.03.31"]
[SourceVersion "1"]
[SourceVersionDate "2023.03.31"]
[SourceQuality "1"]
[WhiteTeam "Heraklion (W)"]
[BlackTeam "Kuldiga"]
[WhiteTeamCountry "GRE"]
[BlackTeamCountry "LAT"]

1. e4 c5 2. Nf3 Nc6 3. d4 cxd4 4. Nxd4 Nf6 5. Nc3 e5 6. Nf5 d6 7. Bc4 Be6 8. Ne3 Be7 9. 0-0 0-0 10. Ned5 Nd4 11. Nxe7+ Qxe7 12. Bxe6 fxe6 13. Be3 Nc6 14. f3 a6 15. Qd2 b5 16. a3 Rad8 17. Rad1 d5 18. exd5 exd5 19. Bg5 Nd4 20. Ne2 Ne6 21. Bxf6 gxf6 22. Nc3 d4 23. Ne4 f5 24. Ng3 Nf4 25. Ne2 Nd5 26. Rfe1 Ne3 27. Rc1 Qg5 28. Ng3 h5 29. Nf1 f4 30. Qe2 Rf7 31. Nxe3 fxe3 32. Rcd1 Rdf8 33. Kh1 Qf4 34. Qd3 Rg7 35. Rg1 h4 36. Rdf1 Rf6 37. Qe4 Qxe4 38. fxe4 Rxf1 39. Rxf1 Rg4 40. Re1 Rxe4 41. g3 Rg4 42. Kg2 hxg3 43. hxg3 Kf7 44. Kf3 Rg6 45. c3 Ke6 46. cxd4 exd4 47. Ke4 Rg4+ 48. Kf3 Rg5 49. Ke4 Rd5 50. g4 Rd7 51. g5 Kf7 52. Kd3 Kg6 53. Rg1 Rd5 54. Rg4 Kf5 55. Rg1 Kg6 56. Rg4 Rd6 57. Rg2 a5 58. Rg1 a4 59. Rg2 Rd5 60. Rg4 Kh5 61. Re4 Kxg5 62. Re7 Kf4 63. Rf7+ Rf5 64. Re7 Kf3 65. Kxd4 Rf4+ 66. Kd3 Kf2 67. Rxe3 Rf3 68. Rxf3+ Kxf3 69. Kd4 Ke2 70. Kc5 1-0

[Event "LAT-ch (Women)"]
[Site "Riga"]
[Date "2020.08.26"]
[Round "4"]
[White "Rogule, Laura"]
[Black "Krumina, Linda"]
[Result "1/2-1/2"]
[WhiteElo "2297"]
[BlackElo "2065"]
[PlyCount "56"]
[EventDate "2020.08.24"]
[EventType "swiss"]
[EventRounds "9"]
[EventCountry "LAT"]
[SourceTitle "CBM 198 Extra"]
[Source "ChessBase"]
[SourceDate "2020.11.30"]
[SourceVersion "1"]
[SourceVersionDate "2020.11.30"]
[SourceQuality "1"]

1. Nf3 g6 2. e4 Bg7 3. d4 d6 4. Nc3 Nd7 5. Bc4 Nb6 6. Bb3 c6 7. Bf4 Nf6 8. Qd2 0-0 9. Bh6 d5 10. Bxg7 Kxg7 11. Qe2 Bg4 12. 0-0-0 Qc7 13. h3 Qf4+ 14. Kb1 Bxf3 15. gxf3 e6 16. Rhg1 h5 17. Rg2 a5 18. a4 Rad8 19. e5 Ng8 20. Qd3 Ne7 21. Ne2 Qh4 22. Rdg1 Nf5 23. f4 Qe7 24. c3 Rh8 25. Rg5 h4 26. Nc1 Qd7 27. Ne2 Rh6 28. Ka2 Rc8 1/2-1/2

[Event "Online Olym Div2 B"]
[Site "Chess.com INT"]
[Date "2020.08.16"]
[Round "9.4"]
[White "Cibickova, Zuzana"]
[Black "Krumina, Linda"]
[Result "1-0"]
[WhiteElo "2256"]
[BlackElo "2065"]
[PlyCount "127"]
[EventDate "2020.08.14"]
[EventType "team-tourn (rapid)"]
[EventRounds "9"]
[EventCountry "USA"]
[SourceTitle "CBM 198"]
[Source "ChessBase"]
[SourceDate "2020.10.31"]
[SourceVersion "1"]
[SourceVersionDate "2020.10.31"]
[SourceQuality "1"]
[WhiteTeam "Slovakia"]
[BlackTeam "Latvia"]
[WhiteTeamCountry "SVK"]
[BlackTeamCountry "LAT"]

1. e4 Nf6 2. e5 Nd5 3. d4 d6 4. Nf3 g6 5. Bc4 Nb6 6. Bb3 Bg7 7. Qe2 d5 8. a4 a5 9. h3 Nc6 10. c3 0-0 11. 0-0 Bf5 12. Nbd2 h6 13. Nh4 e6 14. Nxf5 exf5 15. f4 Qe7 16. Qf3 Rad8 17. Re1 Kh7 18. Nf1 Rd7 19. Ne3 Rfd8 20. Qe2 Qe6 21. Bd2 Ne7 22. Qb5 Ra8 23. Rf1 Qc6 24. Qd3 Qe6 25. Rf2 c6 26. Raf1 Rdd8 27. g4 fxg4 28. hxg4 Nc4 29. Bxc4 dxc4 30. Qxc4 Nd5 31. Qe2 Nxe3 32. Bxe3 f5 33. gxf5 Qxf5 34. Rg2 Re8 35. Qg4 Qe4 36. Qf3 Qf5 37. Qg3 Re6 38. Bd2 Rae8 39. Qh2 Rf8 40. Rgf2 Kg8 41. Bc1 b5 42. axb5 cxb5 43. Qg3 Rd8 44. Rg2 a4 45. Qe1 Qd3 46. Qe2 Qxe2 47. Rxe2 Bf8 48. f5 gxf5 49. Rxf5 Rg6+ 50. Rg2 Rxg2+ 51. Kxg2 Kg7 52. Rf6 Kh7 53. Rb6 b4 54. Ra6 bxc3 55. bxc3 Rc8 56. Rxa4 Rxc3 57. Bf4 Kg6 58. Ra6+ Kf5 59. Bxh6 Bxh6 60. Rxh6 Rd3 61. Rf6+ Kg5 62. Rd6 Kf5 63. e6 Kf6 64. d5 1-0

[Event "Pardubice Czech op-B 30th"]
[Site "Pardubice"]
[Date "2019.07.26"]
[Round "8"]
[White "Krumina, Linda"]
[Black "Jares, Michal"]
[Result "1-0"]
[WhiteElo "2127"]
[BlackElo "1952"]
[PlyCount "129"]
[EventDate "2019.07.19"]
[EventType "swiss"]
[EventRounds "9"]
[EventCountry "CZE"]
[SourceTitle "EXT 2020"]
[Source "ChessBase"]
[SourceDate "2019.10.17"]
[SourceVersion "1"]
[SourceVersionDate "2019.10.17"]
[SourceQuality "1"]

1. d4 Nf6 2. c4 g6 3. Nc3 Bg7 4. e4 d6 5. Be2 0-0 6. Bg5 h6 7. Be3 e5 8. d5 Na6 9. Qd2 Kh7 10. f3 Nh5 11. g3 Bd7 12. 0-0-0 Nc5 13. f4 exf4 14. Bxc5 dxc5 15. Bxh5 gxh5 16. gxf4 b5 17. e5 Qc8 18. Nf3 Bg4 19. Nxb5 Qa6 20. Qd3+ Kh8 21. Nxc7 Qxa2 22. Nxa8 Rb8 23. Qa3 Qxc4+ 24. Qc3 Qxf4+ 25. Rd2 Qa4 26. Qc2 Qa1+ 27. Qb1 Qxb1+ 28. Kxb1 Bxf3 29. Re1 Rxa8 30. d6 Bg4 31. Rd5 Rc8 32. Rc1 c4 33. Ra5 Kg8 34. Re1 Rb8 35. Re3 Rb7 36. Rc5 Be6 37. Ra3 Rd7 38. Raa5 f6 39. Rc7 Rxc7 40. dxc7 fxe5 41. Rxa7 e4 42. Ra8+ Kf7 43. c8Q Bxc8 44. Rxc8 Kf6 45. Rxc4 Kf5 46. b4 Kf4 47. Kc2 Kf3 48. b5 Be5 49. Rc5 Bd4 50. Rf5+ Ke2 51. Rxh5 Be3 52. Rf5 Bg1 53. h3 Bh2 54. b6 e3 55. Rf6 h5 56. b7 h4 57. Rf8 Bg3 58. b8Q Bxb8 59. Rxb8 Kf2 60. Kd3 e2 61. Rf8+ Kg3 62. Kxe2 Kxh3 63. Kf2 Kh2 64. Rh8 h3 65. Kf3 1-0

[Event "Pardubice Czech op-B 30th"]
[Site "Pardubice"]
[Date "2019.07.24"]
[Round "6"]
[White "Krumina, Linda"]
[Black "Golsta, Madara"]
[Result "1/2-1/2"]
[WhiteElo "2127"]
[BlackElo "1956"]
[PlyCount "24"]
[EventDate "2019.07.19"]
[EventType "swiss"]
[EventRounds "9"]
[EventCountry "CZE"]
[SourceTitle "EXT 2020"]
[Source "ChessBase"]
[SourceDate "2019.10.17"]
[SourceVersion "1"]
[SourceVersionDate "2019.10.17"]
[SourceQuality "1"]

1. Nf3 c5 2. g3 g6 3. Bg2 Bg7 4. 0-0 Nc6 5. d3 d5 6. Nbd2 Nf6 7. h3 0-0 8. e4 e6 9. Nh2 b6 10. Re1 Bb7 11. exd5 Nxd5 12. Ne4 Qd7 1/2-1/2

[Event "Pardubice Czech op-B 30th"]
[Site "Pardubice"]
[Date "2019.07.22"]
[Round "4"]
[White "Krumina, Linda"]
[Black "Volak, Simon"]
[Result "1/2-1/2"]
[WhiteElo "2127"]
[BlackElo "1969"]
[PlyCount "88"]
[EventDate "2019.07.19"]
[EventType "swiss"]
[EventRounds "9"]
[EventCountry "CZE"]
[SourceTitle "EXT 2020"]
[Source "ChessBase"]
[SourceDate "2019.10.17"]
[SourceVersion "1"]
[SourceVersionDate "2019.10.17"]
[SourceQuality "1"]

1. d4 Nf6 2. c4 e6 3. Nf3 b6 4. a3 Bb7 5. Nc3 d5 6. cxd5 Nxd5 7. Qc2 Nxc3 8. bxc3 Be7 9. e4 0-0 10. Bd3 c5 11. 0-0 Qc7 12. e5 g6 13. Be4 Rd8 14. Bxb7 Qxb7 15. Be3 Na6 16. Qe2 Rac8 17. Rfd1 cxd4 18. cxd4 Nc7 19. Bg5 Nd5 20. Bxe7 Nxe7 21. h4 h5 22. g4 hxg4 23. Ng5 Nf5 24. Qxg4 Rc4 25. Nf3 Rc3 26. Ng5 Rc4 27. Nf3 Kg7 28. Rac1 Rdc8 29. Rxc4 Rxc4 30. h5 Qe7 31. hxg6 fxg6 32. Qg5 Rc3 33. Qxe7+ Nxe7 34. Ng5 Rc6 35. Kg2 Nf5 36. d5 exd5 37. Rxd5 Kf8 38. Rd7 a6 39. e6 Ke8 40. Ra7 b5 41. Rh7 Nd4 42. Rh8+ Ke7 43. Rh7+ Ke8 44. Rh8+ Ke7 1/2-1/2

[Event "LAT-ch (Women)"]
[Site "Riga"]
[Date "2019.05.05"]
[Round "7"]
[White "Krumina, Linda"]
[Black "Maklakova, Nellija"]
[Result "1-0"]
[WhiteElo "2095"]
[BlackElo "1894"]
[PlyCount "163"]
[EventDate "2019.04.29"]
[EventType "swiss"]
[EventRounds "7"]
[EventCountry "LAT"]
[SourceTitle "CBM 190 Extra"]
[Source "ChessBase"]
[SourceDate "2019.07.15"]
[SourceVersion "1"]
[SourceVersionDate "2019.07.15"]
[SourceQuality "1"]

1. Nf3 Nf6 2. d4 d5 3. c4 e6 4. Nc3 dxc4 5. Qa4+ Nbd7 6. Qxc4 Nb6 7. Qb3 Be7 8. e4 0-0 9. Be2 c5 10. dxc5 Bxc5 11. Bg5 e5 12. Rd1 Qe7 13. 0-0 Be6 14. Nd5 Bxd5 15. exd5 h6 16. Bxf6 Qxf6 17. Nd2 Qh4 18. Nf3 Qf4 19. g3 Qf5 20. Nh4 Qf6 21. Bd3 g6 22. d6 Bxd6 23. Bxg6 Rad8 24. Bb1 Rfe8 25. Qc2 e4 26. Rfe1 Rc8 27. Qe2 Bc5 28. Qg4+ Kh8 29. Qf5 Qxf5 30. Nxf5 Nc4 31. Rxe4 Nxb2 32. Rd7 Red8 33. Rxd8+ Rxd8 34. Kg2 Rd1 35. Re8+ Kh7 36. Be4 Rd2 37. Ne3+ Kg7 38. Bxb7 Bxe3 39. Rxe3 Nd1 40. Rf3 f6 41. a4 Ra2 42. Bc6 Nb2 43. Rf4 Kg6 44. h4 Nd1 45. h5+ Kg5 46. Be4 Ne3+ 47. Kh3 f5 48. fxe3 fxe4 49. Rxe4 Kxh5 50. g4+ Kg5 51. Kg3 Ra1 52. Re5+ Kf6 53. Ra5 Rg1+ 54. Kf3 Rf1+ 55. Kg2 Ra1 56. Rxa7 Ke5 57. Re7+ Kd5 58. Kf3 Rxa4 59. e4+ Kd4 60. Re6 Ra8 61. Rd6+ Ke5 62. Rd5+ Ke6 63. Kf4 Rf8+ 64. Rf5 Rg8 65. e5 Rg6 66. Rf8 Ke7 67. Rh8 Ke6 68. Rb8 Kd5 69. Rd8+ Kc5 70. Rd7 Kc6 71. Rd3 Kc5 72. Rd1 Kc6 73. Rd4 Kc5 74. Rd8 Kc6 75. Rf8 Kd7 76. Rb8 Kc7 77. Rb4 Kd7 78. Kf5 Rg5+ 79. Kf6 Rg8 80. e6+ Kd6 81. Kf7 Rg5 82. e7 1-0

[Event "Olympiad Women-43"]
[Site "Batumi"]
[Date "2018.10.03"]
[Round "9.3"]
[White "Librelato, Kathie Goulart"]
[Black "Krumina, Linda"]
[Result "1-0"]
[WhiteElo "2110"]
[BlackElo "2081"]
[PlyCount "49"]
[EventDate "2018.09.24"]
[EventType "team-swiss"]
[EventRounds "11"]
[EventCountry "GEO"]
[SourceTitle "EXT 2020"]
[Source "ChessBase"]
[SourceDate "2019.10.17"]
[SourceVersion "1"]
[SourceVersionDate "2019.10.17"]
[SourceQuality "1"]
[WhiteTeam "Brazil (W)"]
[BlackTeam "Latvia (W)"]
[WhiteTeamCountry "BRA"]
[BlackTeamCountry "LAT"]

1. e4 c5 2. d3 g6 3. Be2 Bg7 4. f4 Nc6 5. Nf3 d6 6. 0-0 Nf6 7. c3 Bd7 8. Qe1 Rb8 9. Nbd2 b5 10. Kh1 a5 11. a4 b4 12. Nc4 0-0 13. Bd2 Qc7 14. Qh4 d5 15. exd5 Nxd5 16. Ng5 h6 17. Ne4 Nd8 18. f5 Bxf5 19. Bxh6 Bxe4 20. dxe4 Nb6 21. Rf3 Ne6 22. Raf1 Nd7 23. Rh3 Bf6 24. Rxf6 Nxf6 25. Bf4 1-0

[Event "Olympiad Women-43"]
[Site "Batumi"]
[Date "2018.09.26"]
[Round "3.19"]
[White "Krumina, Linda"]
[Black "Nakhbayeva, Guliskhan"]
[Result "0-1"]
[WhiteElo "2081"]
[BlackElo "2394"]
[PlyCount "62"]
[EventDate "2018.09.24"]
[EventType "team-swiss"]
[EventRounds "11"]
[EventCountry "GEO"]
[SourceTitle "EXT 2020"]
[Source "ChessBase"]
[SourceDate "2019.10.17"]
[SourceVersion "1"]
[SourceVersionDate "2019.10.17"]
[SourceQuality "1"]
[WhiteTeam "Latvia (W)"]
[BlackTeam "Kazakhstan (W)"]
[WhiteTeamCountry "LAT"]
[BlackTeamCountry "KAZ"]

1. d4 Nf6 2. c4 e6 3. Nf3 d5 4. Nc3 dxc4 5. e3 a6 6. Bxc4 b5 7. Bd3 Bb7 8. 0-0 Nbd7 9. b3 c5 10. Bb2 Bd6 11. Qe2 0-0 12. Rac1 Rc8 13. Rfd1 cxd4 14. Nxd4 Ne5 15. Bb1 Qe7 16. a4 b4 17. Na2 h6 18. Rxc8 Rxc8 19. Rc1 Rc7 20. f4 Rxc1+ 21. Nxc1 Ned7 22. Nd3 Ne4 23. Nf2 Nxf2 24. Qxf2 Nc5 25. Qe2 Qd7 26. Qg4 Bf8 27. Bc2 Qd5 28. f5 e5 29. Nf3 Nd3 30. Ba1 Qc5 31. Bxd3 Qxe3+ 0-1

[Event "LAT-chT"]
[Site "Riga"]
[Date "2018.06.09"]
[Round "2.3"]
[White "Chernyak, Viktoria"]
[Black "Krumina, Linda"]
[Result "1-0"]
[WhiteElo "2202"]
[BlackElo "2100"]
[PlyCount "69"]
[EventDate "2018.06.09"]
[EventType "team-tourn"]
[EventRounds "11"]
[EventCountry "LAT"]
[SourceTitle "CBM 184 Extra"]
[Source "ChessBase"]
[SourceDate "2018.06.28"]
[SourceVersion "1"]
[SourceVersionDate "2018.06.28"]
[SourceQuality "1"]
[WhiteTeam "Termo Eko/RSF"]
[BlackTeam "The Royal Biograph"]
[WhiteTeamCountry "LAT"]
[BlackTeamCountry "LAT"]

1. d4 d5 2. c4 c6 3. Nc3 dxc4 4. a4 e5 5. dxe5 Qxd1+ 6. Kxd1 Be6 7. f4 Na6 8. e4 Rd8+ 9. Ke2 g6 10. Nf3 Nb4 11. Bd2 Nd3 12. Rb1 f6 13. exf6 Nxf6 14. g3 Bc5 15. Be3 0-0 16. Bxc5 Nxc5 17. Ng5 Bg4+ 18. Ke3 Nd3 19. b3 h6 20. bxc4 Nc5 21. Nf3 Bxf3 22. Kxf3 g5 23. Be2 gxf4 24. gxf4 Rde8 25. Rhg1+ Kh7 26. Bd1 Nfd7 27. Ke3 Nb6 28. Be2 Re7 29. a5 Nc8 30. e5 Nd6 31. Bd3+ Nxd3 32. Kxd3 Nf5 33. Ne4 Rd8+ 34. Kc3 Red7 35. Nf6+ 1-0

[Event "LAT-chT"]
[Site "Riga"]
[Date "2017.11.18"]
[Round "2.4"]
[White "Krumina, Linda"]
[Black "Nikolajeva, Marija"]
[Result "1/2-1/2"]
[WhiteElo "2123"]
[BlackElo "1744"]
[PlyCount "112"]
[EventDate "2017.11.17"]
[EventType "team-swiss"]
[EventRounds "7"]
[EventCountry "LAT"]
[SourceTitle "CBM 181 Extra"]
[Source "ChessBase"]
[SourceDate "2017.12.12"]
[SourceVersion "1"]
[SourceVersionDate "2017.12.12"]
[SourceQuality "1"]
[WhiteTeam "The Royal Biograph"]
[BlackTeam "Daugava"]
[WhiteTeamCountry "LAT"]
[BlackTeamCountry "LAT"]

1. d4 d5 2. c4 e6 3. Nc3 Be7 4. Nf3 Nf6 5. Bg5 0-0 6. e3 Nbd7 7. Rc1 dxc4 8. Bxc4 c5 9. 0-0 Nb6 10. Bd3 cxd4 11. Nxd4 Bd7 12. Qf3 Qb8 13. Ne4 Nbd5 14. Nc5 Bxc5 15. Rxc5 b6 16. Rcc1 Rc8 17. Rxc8+ Qxc8 18. e4 Nb4 19. Bxf6 gxf6 20. Bb1 e5 21. Nf5 Bxf5 22. exf5 Kh8 23. a3 Na6 24. Ba2 Qf8 25. Bxf7 Rd8 26. Bc4 Nb8 27. h3 Qc5 28. Be6 Nc6 29. b4 Qd6 30. Qe4 Nd4 31. Rc1 Re8 32. Kh1 Nxe6 33. fxe6 Qxe6 34. Rc7 Re7 35. Qa8+ Kg7 36. Qxa7 Rxc7 37. Qxc7+ Kg6 38. Qc2+ Kg7 39. a4 Qd6 40. b5 Qd4 41. f3 Qe3 42. Qe4 Qf2 43. Qg4+ Kf7 44. Qe4 Kg7 45. h4 Qc5 46. h5 Kh6 47. Qc6 Qe7 48. Qxb6 Kxh5 49. Qc6 f5 50. g3 Qd8 51. Qc2 Kg6 52. g4 Kg7 53. Qxf5 Qd1+ 54. Kg2 Qe2+ 55. Kh3 Qf1+ 56. Kg3 Qg1+ 1/2-1/2